书目信息 |
| 题名: |
英语口语零基础入门
|
|
| 作者: | 李静 编著 | |
| 分册: | ||
| 出版信息: | 北京 中国纺织出版社有限公司 2020.08 |
|
| 页数: | 265页 | |
| 开本: | 21cm | |
| 丛书名: | 毕昂英语 | |
| 单 册: | ||
| 中图分类: | H319.9 | |
| 科图分类: | ||
| 主题词: | 英语--ying yu--口语--自学参考资料 | |
| 电子资源: | ||
| ISBN: | 978-7-5180-7203-3 | |
| 000 | 01026nam 2200253 450 | |
| 001 | 0100015498 | |
| 005 | 20201009150355.0 | |
| 010 | @a978-7-5180-7203-3@dCNY45.00 | |
| 100 | @a20200611d2020 em y0chiy50 ea | |
| 101 | 0 | @achi@aeng |
| 102 | @aCN@b110000 | |
| 105 | @ay z 000yy | |
| 106 | @ar | |
| 200 | 1 | @a英语口语零基础入门@Aying yu kou yu ling ji chu ru men@f李静编著 |
| 210 | @a北京@c中国纺织出版社有限公司@d2020.08 | |
| 215 | @a265页@d21cm | |
| 225 | 2 | @a毕昂英语@Abi ang ying yu@v564 |
| 330 | @a本书专为英语零基础学习者量身定做, 八大部分带你零起点轻松入门, 系统攻破音标、单词、句子、对话大关, 实现流利说地道英语口语的梦想! 口语基础巩固、常用单句进阶、日常交际口语、日常生活口语、日常休闲口语、交通出行口语、出国旅游口语、工作职场口语, 内容循序渐进, 丰富全面, 可满足你日常交际的各种实用场景。 | |
| 410 | 0 | @12001 @a毕昂英语@v564 |
| 606 | 0 | @a英语@Aying yu@x口语@j自学参考资料 |
| 690 | @aH319.9@v5 | |
| 701 | 0 | @a李静@Ali jing@4编著 |
| 801 | 0 | @aCN@c20201009 |
| 905 | @a河南城建学院图书馆@dH319.9@eL182@f3 | |
| 英语口语零基础入门/李静编著.-北京:中国纺织出版社有限公司,2020.08 |
| 265页;21cm.-(毕昂英语;564) |
| ISBN 978-7-5180-7203-3:CNY45.00 |
| 本书专为英语零基础学习者量身定做, 八大部分带你零起点轻松入门, 系统攻破音标、单词、句子、对话大关, 实现流利说地道英语口语的梦想! 口语基础巩固、常用单句进阶、日常交际口语、日常生活口语、日常休闲口语、交通出行口语、出国旅游口语、工作职场口语, 内容循序渐进, 丰富全面, 可满足你日常交际的各种实用场景。 |
| ● |
| 相关链接 |
|
|
|
正题名:英语口语零基础入门
索取号:H319.9/L182
 
预约/预借
| 序号 | 登录号 | 条形码 | 馆藏地/架位号 | 状态 | 备注 |
| 1 | 1494415 | 214944159 | 语言库209/209语言库 60排4列1层/ [索取号:H319.9/L182] | 在馆 | |
| 2 | 1494416 | 214944168 | 语言库209/209语言库 60排4列1层/ [索取号:H319.9/L182] | 在馆 | |
| 3 | 1494417 | 214944177 | 语言库209/209语言库 60排4列1层/ [索取号:H319.9/L182] | 在馆 |